<?xml version="1.0" encoding="UTF-8"?>
<record
    xmlns:xsi="http://www.w3.org/2001/XMLSchema-instance"
    xsi:schemaLocation="http://www.loc.gov/MARC21/slim http://www.loc.gov/standards/marcxml/schema/MARC21slim.xsd"
    xmlns="http://www.loc.gov/MARC21/slim">

  <leader>01488namaa22003251i 4500</leader>
  <controlfield tag="005">20260308093456.0</controlfield>
  <controlfield tag="008">260111s1995    ua a|||frm||| 000 0 eng d</controlfield>
  <datafield tag="040" ind1=" " ind2=" ">
    <subfield code="a">EG-GICUC</subfield>
    <subfield code="b">eng</subfield>
    <subfield code="c">EG-GICUC</subfield>
    <subfield code="d">EG-GICUC</subfield>
    <subfield code="e">rda</subfield>
  </datafield>
  <datafield tag="041" ind1="0" ind2=" ">
    <subfield code="a">eng</subfield>
    <subfield code="b">eng</subfield>
    <subfield code="b">ara</subfield>
  </datafield>
  <datafield tag="049" ind1=" " ind2=" ">
    <subfield code="a">Deposit</subfield>
  </datafield>
  <datafield tag="097" ind1=" " ind2=" ">
    <subfield code="a">M.Sc</subfield>
  </datafield>
  <datafield tag="099" ind1=" " ind2=" ">
    <subfield code="a">Cai01.12.15.M.Sc.1995.Mo.M.</subfield>
  </datafield>
  <datafield tag="100" ind1="0" ind2=" ">
    <subfield code="a">Mohammed Fahmy Raslan Hussein, </subfield>
    <subfield code="e">preparation.</subfield>
  </datafield>
  <datafield tag="245" ind1="1" ind2="0">
    <subfield code="a">Mineralogical And Beneficiation Studies For Some Radioactive Granites Along Wadi Balih, North Eastern Desert, Egypt / </subfield>
    <subfield code="c">By Mohammed Fahmy Raslan Hussein; Supervision Prof. Dr. M. A. Takla, Prof. Dr. A. E. Khazbak, Assistant Prof. Dr. M. H. Shalaby.</subfield>
  </datafield>
  <datafield tag="246" ind1="1" ind2="5">
    <subfield code="a">&#x62F;&#x631;&#x627;&#x633;&#x627;&#x62A; &#x645;&#x639;&#x62F;&#x646;&#x64A;&#x629; &#x648;&#x62A;&#x631;&#x643;&#x64A;&#x632; &#x644;&#x644;&#x645;&#x639;&#x627;&#x62F;&#x646; &#x627;&#x644;&#x645;&#x634;&#x639;&#x629; &#x645;&#x646; &#x628;&#x639;&#x636; &#x627;&#x644;&#x635;&#x62E;&#x648;&#x631; &#x627;&#x644;&#x62C;&#x631;&#x627;&#x646;&#x64A;&#x62A;&#x64A;&#x629; &#x628;&#x648;&#x627;&#x62F;&#x64A; &#x628;&#x644;&#x64A;&#x63A; &#x634;&#x645;&#x627;&#x644; &#x627;&#x644;&#x635;&#x62D;&#x631;&#x627;&#x621; &#x627;&#x644;&#x634;&#x631;&#x642;&#x64A;&#x629;&#x60C; &#x645;&#x635;&#x631; </subfield>
  </datafield>
  <datafield tag="264" ind1=" " ind2="0">
    <subfield code="c">1995.</subfield>
  </datafield>
  <datafield tag="300" ind1=" " ind2=" ">
    <subfield code="a">183 Leaves : </subfield>
    <subfield code="b">illustrations ;</subfield>
    <subfield code="c">30 cm. + </subfield>
  </datafield>
  <datafield tag="336" ind1=" " ind2=" ">
    <subfield code="2">rda content</subfield>
    <subfield code="a">text</subfield>
  </datafield>
  <datafield tag="337" ind1=" " ind2=" ">
    <subfield code="2">rdamedia</subfield>
    <subfield code="a">Unmediated</subfield>
  </datafield>
  <datafield tag="338" ind1=" " ind2=" ">
    <subfield code="2">rdacarrier</subfield>
    <subfield code="a">volume</subfield>
  </datafield>
  <datafield tag="502" ind1=" " ind2=" ">
    <subfield code="a">Thesis (M.Sc.) -Cairo University,1995.  </subfield>
  </datafield>
  <datafield tag="504" ind1=" " ind2=" ">
    <subfield code="a">Bibliography: pages 171-183.</subfield>
  </datafield>
  <datafield tag="653" ind1=" " ind2="0">
    <subfield code="a">Geology </subfield>
  </datafield>
  <datafield tag="700" ind1="0" ind2=" ">
    <subfield code="a">M. A. Takla</subfield>
    <subfield code="e">thesis advisor.</subfield>
  </datafield>
  <datafield tag="700" ind1="0" ind2=" ">
    <subfield code="a">A. E. Khazbak</subfield>
    <subfield code="e">thesis advisor.</subfield>
  </datafield>
  <datafield tag="700" ind1="0" ind2=" ">
    <subfield code="a">M. H. Shalaby</subfield>
    <subfield code="e">thesis advisor.</subfield>
  </datafield>
  <datafield tag="900" ind1=" " ind2=" ">
    <subfield code="D">Department of Geology </subfield>
    <subfield code="F">Faculty of Science</subfield>
    <subfield code="U">Cairo University</subfield>
    <subfield code="b">1995</subfield>
    <subfield code="c">M. A. Takla</subfield>
    <subfield code="c">A. E. Khazbak</subfield>
    <subfield code="c">M. H. Shalaby</subfield>
  </datafield>
  <datafield tag="905" ind1=" " ind2=" ">
    <subfield code="a">Eman El gebaly </subfield>
    <subfield code="e">Nourhan</subfield>
  </datafield>
  <datafield tag="942" ind1=" " ind2=" ">
    <subfield code="2">ddc</subfield>
    <subfield code="c">TH</subfield>
    <subfield code="e">21</subfield>
    <subfield code="n">0</subfield>
  </datafield>
  <datafield tag="999" ind1=" " ind2=" ">
    <subfield code="c">177578</subfield>
  </datafield>
  <datafield tag="952" ind1=" " ind2=" ">
    <subfield code="2">ddc</subfield>
    <subfield code="9">313516</subfield>
    <subfield code="a">CUCL</subfield>
    <subfield code="b">100</subfield>
    <subfield code="d">2026-01-11</subfield>
    <subfield code="i">27674</subfield>
    <subfield code="o">Cai01.12.15.M.Sc.1995.Mo.M.</subfield>
    <subfield code="p">01010110027674000</subfield>
    <subfield code="r">2026-01-11 12:06:00</subfield>
    <subfield code="w">2026-01-11</subfield>
    <subfield code="y">TH</subfield>
  </datafield>
</record>
